Normal view MARC view

Entry Uniform Title

Number of records used in: 1

001 - CONTROL NUMBER

  • control field: 24843

003 - CONTROL NUMBER IDENTIFIER

  • control field: dpl

005 - DATE AND TIME OF LATEST TRANSACTION

  • control field: 20101215161257.0

008 - FIXED-LENGTH DATA ELEMENTS

  • fixed length control field: 101215|||a|||||| | ||| d

040 ## - CATALOGING SOURCE

  • Original cataloging agency: dpl
  • Transcribing agency: dpl

130 ## - HEADING--UNIFORM TITLE

  • Uniform title: लोकोदय ग्रन्थमाला : ग्रन्थांक 303

670 ## - SOURCE DATA FOUND

  • Source citation: Work cat.: (dpl): राय, कुबेर 24842, रस-आखेटक / , 2006

670 ## - SOURCE DATA FOUND

  • Source citation: Work cat.: (dpl): राय, कुबेर 24842, रस-आखेटक / , 2006

© Delhi Public Library
Hit Counter
free hit counter